Т. 90, № 7; Успехи химии

Бібліографічні деталі
Parent link:Успехи химии: обзорный журнал по химии/ Российская академия наук (РАН), Институт органической химии им. Н. Д. Зелинского (ИОХ). Т. 90, № 7.— , 1932-1938, 1940-1941, 1943-2017, 2021-
Резюме:Режим доступа: по договору с организацией-держателем ресурса
Мова:Російська
Опубліковано: 2021
Онлайн доступ:https://www.elibrary.ru/contents.asp?id=46110902
Формат: Електронний ресурс Книга
KOHA link:https://koha.lib.tpu.ru/cgi-bin/koha/opac-detail.pl?biblionumber=586573

MARC

LEADER 00000nam2a2200000 4500
001 586573
005 20231101131414.0
035 |a (RuTPU)RU\TPU\prd\289128 
035 |a RU\TPU\prd\288952 
090 |a 586573 
100 |a 20210804a19329999k y0rusy50 ca 
101 0 |a rus 
102 |a RU 
200 0 |a Т. 90, № 7 
210 |d 2021 
333 |a Режим доступа: по договору с организацией-держателем ресурса 
461 1 |0 (RuTPU)RU\TPU\prd\400  |t Успехи химии  |o обзорный журнал по химии  |f Российская академия наук (РАН), Институт органической химии им. Н. Д. Зелинского (ИОХ)  |v Т. 90, № 7  |d 1932-1938, 1940-1941, 1943-2017, 2021- 
801 0 |a RU  |b 63413507  |c 20010227  |g PSBO 
801 1 |a RU  |b 63413507  |c 20170713 
801 2 |a RU  |b 63413507  |c 20210804  |g RCR 
856 4 0 |u https://www.elibrary.ru/contents.asp?id=46110902 
942 |c BK